006260000a22002410004500650002100000650001300021650001300034650002200047650002000069650002500089650002900114650000900143082001900152518001300171530000600184100002200190245010400212020001800316260001700334260000900351300001600360041000800376 aComputer science aInternet aSoftware aComputer networks aDigital library aAutomated web search aWorld Wide Web Documents aHTML a004.678bC734i a20041011 aM aComer, Douglas E. aThe internet book; everything you need to know about computer networking and how the internet works a81-7808-443-0 aDelhi, India c2000 axxiii,351p. aEng